Responses for Show #4689 - Thursday, January 13, 2005

Contestants

[<< previous game]

Patricia Perlowski, a finance administrator from Wheatley Heights, New York

Kevin Montgomery, a divinity student from Berkeley, California

Tim Russell, a teacher from Lancaster, Ohio (whose 1-day cash winnings total $24,000)

[next game >>]

Jeopardy! Round responses

WORLD HISTORY
SONG STANDARDS
FOOD-O & DRINK-O
LEGAL LINGO
WRITE ON, GIRL!
(Alex: Come on, oh! WRITE ON, GIRL! ...I said "Come on" instead of "Write on"--that shows you where my mind is.)
4-LETTER WORDS
    $200 1
Antony and Cleopatra

Tim
    $200 11
"Singin' In The Rain"

Patricia
    $200 26
Jell-O

Patricia
    $200 6
negligence

Kevin
    $200 16
(Tim: Who is Elcott?)
...
(Alex: Tim, you said it as if there were an "E" at the beginning. I needed a little better pronunciation from you on that.)

Louisa May Alcott

TimPatricia
    $200 21
wild

Patricia
    $400 2
Erik the Red

Kevin
    $400 12
"Stardust"

Tim
    $400 27
espresso

Kevin
    $400 7
detention

Kevin
    $400 17
Jackie Collins

Tim
    $400 22
yawn

Tim
    $1,000 3
(Mikhail) Gorbachev

Kevin
    $600 13
"God Bless America"

Patricia
    $600 28
(Tim: What is Hershey?)
...
(Alex: Remember, we're dealing with "O"s.)

Bosco

Tim
Triple Stumper
    $600 8
(Kevin: What is Legal Signature?)

Legal Seal

TimKevin
    $600 18
(Patricia: Who is Harriet Beecher Stowe?)

Julia Ward Howe

Patricia
Triple Stumper
    $600 23
pulp

Tim
    $800 4
Indonesia

Kevin
    $800 14
"It's Been A Long, Long Time"

Triple Stumper
    $800 29
Mango

Tim
    $800 9
bailiwick

Tim
    $800 19
Willa Cather

Tim
    $800 24
loft

Kevin
    $1000 5
Catherine Howard

Triple Stumper
    $1000 15
(Patricia: What is completely?)
...
(Alex: Big hit for Frank Sinatra.)

"All The Way"

Patricia
Triple Stumper
    $1000 30
potato

Kevin
    $1000 10
chattel

Tim
    $1000 20
Edna St. Vincent Millay

Tim
    $1000 25
Hind

Tim

Scores at the first commercial break (after clue 15):

Tim Kevin Patricia
$3,000 $2,200 -$200

Scores at the end of the Jeopardy! Round:

Tim Kevin Patricia
$7,200 $4,400 -$200

Double Jeopardy! Round responses

A TOUR OF GREECE
19th CENTURY NOTABLES
DOUBLE S
SEA LIFE
HEY, BUD
DO YOU KNOW HOW FAST YOU WERE GOING?
    $400 2
the Persians

Patricia
    $400 7
(Alfred) Nobel

Tim
    $400 15
an ambassador

Tim
    $400 12
spines

Kevin
    $400 22
(Bud) Abbott

Patricia
    $400 1
a rocket

Kevin
    $800 3
the Agora

Tim
    $800 8
Engels

Kevin
    $800 16
depression

Tim
    $800 13
dolphins

Kevin
    $800 23
(Alex: Bud's partner was [*]. A minute to go now, Patricia.)

(Norman) Lear

Triple Stumper
    $800 27
(Kevin: What are the salt flats?)
(Alex: More... need a little more information. Another name.)
(Kevin: Um, er.)
(Alex: Oh, sorry. Patricia or Tim?)
(Patricia: [Without ringing in] What are the [*]?)
(Alex: Nope, Tim?)
(Tim: What are the [*]?)
(Alex: That's right. Patricia, you have to wait until you're identified.)

the Bonneville Salt Flats

TimKevin
    $1200 4
(Tim: What is Germany?)

Italy

TimPatricia
    $1200 9
Joseph Smith

Tim
    $1200 17
messenger (RNA)

Kevin
    $1200 14
a shark

Tim
    $1200 24
(Bud) Selig

Tim
    $1200 28
[The end-of-round signal sounds.]

a hummingbird

Tim
    $1600 5
(Tim: What is pine?)

pistachio

Tim
Triple Stumper
    $1600 10
war

Kevin
    $1600 18
finesse

Tim
    $2,000 20
(sea) anemone

Patricia
    $1600 25
Buddy

Patricia
    $2000 6
(Island of) Naxos

Tim
    $2,000 11
(Kevin: Uh... who is... [*]?)
(Alex: You are... right? [*] is correct, and you are in the lead.)

(Franz) Liszt

Kevin
    $2000 19
cassava

Patricia
    $2000 21
a rookery

Triple Stumper
    $2000 26
(Bud) Greenspan

Triple Stumper

Scores at the end of the Double Jeopardy! Round:

Tim Kevin Patricia
$16,000 $10,800 $7,400

[wagering suggestions for these scores]

Final Jeopardy! Round responses

FEDERAL PUBLIC SERVANTS
(Patricia: I don't know if I wrote enough.)
(Alex: Looks like George Clooney...)
(Patricia: Who is [*]?)
(Alex: Not enough showing there. But [*] would have been right if you had managed to complete his last name. It cost you everything but a dollar. How unfortunate.)
...
(Alex: ...as we come to Tim Russell. Did he get [*]? Yes. And his wager? $6,000, taking him to $22,000 and giving him a two-day total--most impressive--$46,000. That's about what the teacher earns in... [Catching himself] a month or two.)
PatriciaWho is George [very small illegible scribble]
$7,399
KevinWho is George Tenet?
$6,000
TimWho is George Tennet???
$6,000
George Tenet (former head of the CIA)

Final scores:

Tim Kevin Patricia
$22,000 $16,800 $1
2-day champion: $46,000 2nd place: $2,000 3rd place: $1,000

Game dynamics:

Coryat scores:

Tim Kevin Patricia
$16,000 $10,400 $7,000
23 R,
4 W
15 R
(including 2 DDs),
2 W
11 R
(including 1 DD),
2 W

Combined Coryat: $33,400

[game clues] [game scores] [suggest correction]

Game tape date: 2004-11-08
The J! Archive is created by fans, for fans. Scraping, republication, monetization, and malicious use prohibited; this site may use cookies and collect identifying information. See terms. The Jeopardy! game show and all elements thereof, including but not limited to copyright and trademark thereto, are the property of Jeopardy Productions, Inc. and are protected under law. This website is not affiliated with, sponsored by, or operated by Jeopardy Productions, Inc. Join the discussion at JBoard.tv.